Welcome to WEB OPAC of MRSPTU Central Library

Electrical power engineering proficiency course (Record no. 2382)

MARC details
000 -LEADER
fixed length control field 00381nam a2200145Ia 4500
008 - FIXED-LENGTH DATA ELEMENTS--GENERAL INFORMATION
fixed length control field 230711s9999||||xx |||||||||||||| ||und||
041 ## - LANGUAGE CODE
Language code of text/sound track or separate title ENG
082 ## - DEWEY DECIMAL CLASSIFICATION NUMBER
Classification number 621
Item number HO-E
100 ## - MAIN ENTRY--PERSONAL NAME
Personal name Hornemann,Ernst
245 #0 - TITLE STATEMENT
Title Electrical power engineering proficiency course
250 ## - EDITION STATEMENT
Edition statement 1st
260 ## - PUBLICATION, DISTRIBUTION, ETC.
Date of publication, distribution, etc. 1988
Place of publication, distribution, etc. New Delhi
Name of publisher, distributor, etc. Wiley Eastern Limited
650 ## - SUBJECT ADDED ENTRY--TOPICAL TERM
Topical term or geographic name entry element Electrical Engineering
942 ## - ADDED ENTRY ELEMENTS (KOHA)
Koha item type Book
Holdings
Withdrawn status Lost status Damaged status Not for loan Collection Home library Current library Date acquired Total checkouts Full call number Barcode Date last seen Price effective from Koha item type
          MRSPTU Central Library MRSPTU Central Library     621 HO-E 9456 08/17/2023 08/17/2023 Book
          MRSPTU Central Library MRSPTU Central Library     621 HO-E 10562 08/17/2023 08/17/2023 Book
          MRSPTU Central Library MRSPTU Central Library     621 HO-E 10563 08/17/2023 08/17/2023 Book
          MRSPTU Central Library MRSPTU Central Library     621 HO-E 10564 08/17/2023 08/17/2023 Book
          MRSPTU Central Library MRSPTU Central Library     621 HO-E 10565 08/17/2023 08/17/2023 Book
          MRSPTU Central Library MRSPTU Central Library     621 HO-E 10566 08/17/2023 08/17/2023 Book
          MRSPTU Central Library MRSPTU Central Library     621 HO-E 10567 08/17/2023 08/17/2023 Book
          MRSPTU Central Library MRSPTU Central Library     621 HO-E 10568 08/17/2023 08/17/2023 Book
          MRSPTU Central Library MRSPTU Central Library     621 HO-E 10569 08/17/2023 08/17/2023 Book
          MRSPTU Central Library MRSPTU Central Library     621 HO-E 10570 08/17/2023 08/17/2023 Book
          MRSPTU Central Library MRSPTU Central Library     621 HO-E 10571 08/17/2023 08/17/2023 Book

Website Designed and Developed by MRSPTU Central Library Team

E-mail Id: librarian@mrsptu.ac.in